[Event "2024 National Elementary (K-6) Championship"]
[Site "Columbus, Ohio, United States"]
[Date "2024.04.26"]
[Round "2.6"]
[White "Ramesh, Nehanraj"]
[Black "Sathiesh, Kavin Chandar"]
[Result "1/2-1/2"]
[TimeControl "G/90; d10"]
[WhiteFideId "25113879"]
[BlackFideId "30989612"]
[WhiteElo "1943"]
[BlackElo "1729"]

1. d4 {[%clk 01:30:00]} d5 {[%clk 01:30:00]} {[%emt 00:00:06]} 2. Bf4 {[%clk
01:30:00]} {[%emt 00:00:04]} Nf6 {[%clk 01:29:56]} {[%emt 00:00:14]} 3. e3
{[%clk 01:30:00]} {[%emt 00:00:07]} e6 {[%clk 01:29:06]} {[%emt 00:01:00]} 4.
Nf3 {[%clk 01:30:00]} {[%emt 00:00:03]} Bd6 {[%clk 01:27:45]} {[%emt 00:01:31]}
5. Ne5 {[%clk 01:28:59]} {[%emt 00:01:12]} O-O {[%clk 01:26:16]} {[%emt
00:01:38]} 6. Be2 {[%clk 01:28:19]} {[%emt 00:00:51]} c5 {[%clk 01:24:28]}
{[%emt 00:01:58]} 7. O-O {[%clk 01:27:51]} {[%emt 00:00:37]} Nc6 {[%clk
01:22:57]} {[%emt 00:01:40]} 8. Nd2 {[%clk 01:18:46]} {[%emt 00:09:16]} cxd4
{[%clk 01:17:13]} {[%emt 00:05:54]} 9. Nxc6 {[%clk 01:18:46]} {[%emt 00:00:07]}
bxc6 {[%clk 01:16:48]} {[%emt 00:00:35]} 10. Bxd6 {[%clk 01:18:46]} {[%emt
00:00:03]} Qxd6 {[%clk 01:16:13]} {[%emt 00:00:46]} 11. exd4 {[%clk 01:18:46]}
{[%emt 00:00:01]} e5 {[%clk 01:13:19]} {[%emt 00:03:04]} 12. dxe5 {[%clk
01:17:03]} {[%emt 00:01:54]} Qxe5 {[%clk 01:12:57]} {[%emt 00:00:30]} 13. c3
{[%clk 01:13:04]} {[%emt 00:04:10]} Bf5 {[%clk 01:06:55]} {[%emt 00:06:12]} 14.
Nf3 {[%clk 01:11:41]} {[%emt 00:01:33]} Qd6 {[%clk 01:05:34]} {[%emt 00:01:31]}
15. Nd4 {[%clk 01:03:55]} {[%emt 00:07:56]} Bg6 {[%clk 01:02:52]} {[%emt
00:02:52]} 16. Bd3 {[%clk 01:00:32]} {[%emt 00:03:33]} c5 {[%clk 00:57:27]}
{[%emt 00:05:36]} 17. Nc2 {[%clk 00:55:00]} {[%emt 00:05:42]} Bxd3 {[%clk
00:52:15]} {[%emt 00:05:21]} 18. Qxd3 {[%clk 00:55:00]} {[%emt 00:00:03]} Rfe8
{[%clk 00:50:21]} {[%emt 00:02:03]} 19. Ne3 {[%clk 00:51:57]} {[%emt 00:03:14]}
Rad8 {[%clk 00:47:14]} {[%emt 00:03:17]} 20. Rad1 {[%clk 00:49:44]} {[%emt
00:02:22]} Qe5 {[%clk 00:43:04]} {[%emt 00:04:20]} 21. Rfe1 {[%clk 00:42:42]}
{[%emt 00:07:12]} d4 {[%clk 00:40:08]} {[%emt 00:03:06]} 22. Nc2 {[%clk
00:42:05]} {[%emt 00:00:48]} Qd5 {[%clk 00:38:24]} {[%emt 00:01:54]} 23. Rxe8+
{[%clk 00:41:20]} {[%emt 00:00:54]} Rxe8 {[%clk 00:38:15]} {[%emt 00:00:19]} 24.
cxd4 {[%clk 00:40:42]} {[%emt 00:00:48]} cxd4 {[%clk 00:37:23]} {[%emt
00:01:02]} 25. Qxd4 {[%clk 00:39:13]} {[%emt 00:01:40]} Qxa2 {[%clk 00:36:04]}
{[%emt 00:01:29]} 26. Ne3 {[%clk 00:37:07]} {[%emt 00:02:15]} Qb3 {[%clk
00:33:27]} {[%emt 00:02:47]} 27. h3 {[%clk 00:36:27]} 1/2-1/2

[Event "2024 National Elementary (K-6) Championship"]
[Site "Columbus, Ohio, United States"]
[Date "2024.04.26"]
[Round "2.7"]
[White "Tieng, Jonathan"]
[Black "Wang, Freyr"]
[Result "1/2-1/2"]
[TimeControl "G/90; d10"]
[BlackFideId "30967767"]
[WhiteElo "1732"]
[BlackElo "1992"]

1. e4 {[%clk 01:30:00]} {[%emt 00:00:01]} c5 {[%clk 01:30:00]} {[%emt
00:00:05]} 2. Nf3 {[%clk 01:30:00]} {[%emt 00:00:03]} e6 {[%clk 01:29:54]}
{[%emt 00:00:17]} 3. d3 {[%clk 01:30:00]} {[%emt 00:00:07]} Nc6 {[%clk
01:28:49]} {[%emt 00:01:15]} 4. g3 {[%clk 01:30:00]} {[%emt 00:00:11]} Nf6
{[%clk 01:28:16]} {[%emt 00:00:42]} 5. Bg2 {[%clk 01:30:00]} {[%emt 00:00:08]}
d5 {[%clk 01:27:55]} {[%emt 00:00:32]} 6. e5 {[%clk 01:29:32]} {[%emt
00:00:38]} Nd7 {[%clk 01:27:21]} {[%emt 00:00:43]} 7. Qe2 {[%clk 01:28:41]}
{[%emt 00:01:02]} Be7 {[%clk 01:25:01]} {[%emt 00:02:30]} 8. O-O {[%clk
01:26:20]} {[%emt 00:02:31]} O-O {[%clk 01:24:22]} {[%emt 00:00:49]} 9. c4
{[%clk 01:26:12]} {[%emt 00:00:18]} Nb6 {[%clk 01:19:34]} {[%emt 00:04:57]} 10.
Nc3 {[%clk 01:22:37]} {[%emt 00:03:45]} dxc4 {[%clk 01:11:08]} {[%emt
00:08:37]} 11. dxc4 {[%clk 01:22:37]} {[%emt 00:00:05]} Nd4 {[%clk 01:10:12]}
{[%emt 00:01:07]} 12. Nxd4 {[%clk 00:58:15]} {[%emt 00:24:32]} Qxd4 {[%clk
01:07:28]} {[%emt 00:02:54]} 13. Be4 {[%clk 00:51:13]} {[%emt 00:07:12]} f5
{[%clk 00:53:04]} {[%emt 00:14:34]} 14. Bd3 {[%clk 00:48:08]} {[%emt 00:03:14]}
Qd8 {[%clk 00:47:58]} {[%emt 00:05:16]} 15. Rd1 {[%clk 00:44:16]} {[%emt
00:04:02]} Bd7 {[%clk 00:44:42]} {[%emt 00:03:27]} 16. g4 {[%clk 00:41:18]}
{[%emt 00:03:07]} Qe8 {[%clk 00:40:59]} {[%emt 00:03:53]} 17. gxf5 {[%clk
00:32:41]} {[%emt 00:08:47]} exf5 {[%clk 00:40:23]} {[%emt 00:00:46]} 18. Nd5
{[%clk 00:31:52]} {[%emt 00:00:59]} Bc6 {[%clk 00:32:56]} {[%emt 00:07:37]} 19.
Bc2 {[%clk 00:23:32]} {[%emt 00:08:30]} Rd8 {[%clk 00:29:36]} {[%emt 00:03:31]}
20. Nxe7+ {[%clk 00:21:51]} {[%emt 00:01:50]} Qxe7 {[%clk 00:29:36]} {[%emt
00:00:03]} 21. Rxd8 {[%clk 00:21:44]} {[%emt 00:00:18]} Qxd8 {[%clk 00:26:31]}
{[%emt 00:03:15]} 22. Be3 {[%clk 00:17:18]} {[%emt 00:04:36]} Qe7 {[%clk
00:24:33]} {[%emt 00:02:08]} 23. f4 {[%clk 00:15:47]} {[%emt 00:01:40]} g5
{[%clk 00:19:58]} {[%emt 00:04:46]} 24. b3 {[%clk 00:10:44]} {[%emt 00:05:12]}
gxf4 {[%emt 00:03:04]} 25. Bxf4 {[%clk 00:10:44]} {[%emt 00:00:04]} Qg7+ {[%emt
00:00:25]} 26. Kf1 {[%clk 00:09:36]} {[%emt 00:01:17]} Kh8 {[%clk 00:15:08]}
{[%emt 00:01:53]} 27. Qf2 {[%clk 00:08:27]} {[%emt 00:01:21]} Qg4 {[%clk
00:12:11]} {[%emt 00:03:05]} 28. Qg3 {[%clk 00:07:58]} {[%emt 00:00:41]} h5
{[%clk 00:08:12]} {[%emt 00:04:09]} 29. Kf2 {[%clk 00:07:40]} {[%emt 00:00:27]}
Rd8 {[%clk 00:07:27]} {[%emt 00:00:55]} 30. Qxg4 {[%clk 00:06:53]} {[%emt
00:00:58]} hxg4 {[%clk 00:07:16]} {[%emt 00:00:21]} 31. Bxf5 {[%clk 00:06:44]}
{[%emt 00:00:19]} Rf8 {[%clk 00:07:12]} {[%emt 00:00:13]} 32. Rg1 {[%clk
00:05:53]} {[%emt 00:01:01]} Rxf5 {[%emt 00:00:40]} 33. Rxg4 {[%clk 00:05:53]}
{[%emt 00:00:02]} Nd7 {[%clk 00:06:00]} {[%emt 00:00:54]} 34. e6 {[%clk
00:05:36]} {[%emt 00:00:27]} Ne5 {[%clk 00:05:53]} {[%emt 00:00:18]} 35. Rh4+
{[%clk 00:05:31]} {[%emt 00:00:14]} Kg7 {[%clk 00:05:53]} {[%emt 00:00:05]} 36.
Ke3 {[%clk 00:05:24]} {[%emt 00:00:17]} Ng6 {[%clk 00:05:40]} {[%emt 00:00:21]}
37. Rg4 {[%clk 00:03:27]} {[%emt 00:02:09]} Rxf4 {[%clk 00:05:21]} {[%emt
00:00:30]} 38. Rxf4 {[%clk 00:03:26]} {[%emt 00:00:10]} Nxf4 {[%clk 00:05:21]}
{[%emt 00:00:04]} 39. Kxf4 {[%clk 00:03:26]} {[%emt 00:00:01]} Kf6 {[%clk
00:05:21]} {[%emt 00:00:08]} 40. e7 {[%clk 00:03:26]} {[%emt 00:00:10]} Kxe7
{[%clk 00:05:13]} {[%emt 00:00:17]} 41. Ke5 {[%clk 00:03:26]} {[%emt 00:00:01]}
a5 {[%clk 00:04:43]} {[%emt 00:00:40]} 42. h4 {[%clk 00:02:54]} {[%emt
00:00:42]} Bf3 {[%clk 00:04:19]} {[%emt 00:00:33]} 43. h5 {[%clk 00:02:11]}
{[%emt 00:00:54]} Bxh5 {[%clk 00:03:32]} {[%emt 00:00:57]} 44. Kd5 {[%clk
00:02:11]} {[%emt 00:00:03]} Kd7 {[%clk 00:02:05]} {[%emt 00:01:37]} 45. Kxc5
{[%clk 00:02:11]} {[%emt 00:00:01]} Kc7 {[%clk 00:02:05]} {[%emt 00:00:06]} 46.
Kb5 {[%clk 00:02:10]} {[%emt 00:00:12]} b6 {[%clk 00:02:02]} {[%emt 00:00:13]}
47. Ka4 {[%clk 00:01:37]} {[%emt 00:00:43]} Kc6 {[%clk 00:01:46]} {[%emt
00:00:26]} 48. b4 {[%clk 00:01:21]} {[%emt 00:00:26]} Bd1+ {[%clk 00:01:46]}
{[%emt 00:00:04]} 49. Ka3 {[%clk 00:01:21]} {[%emt 00:00:01]} a4 {[%clk
00:01:46]} {[%emt 00:00:02]} 50. Kb2 {[%clk 00:01:21]} {[%emt 00:00:07]} b5
{[%clk 00:01:46]} {[%emt 00:00:06]} 51. cxb5+ {[%clk 00:00:40]} {[%emt
00:00:51]} Kxb5 {[%clk 00:01:46]} {[%emt 00:00:02]} 52. a3 {[%clk 00:00:23]}
{[%emt 00:00:27]} Kc4 {[%clk 00:01:46]} 53. Kc1 {[%clk 00:00:23]} Bf3 {[%clk
00:01:46]} {[%emt 00:00:09]} 54. Kc2 {[%clk 00:00:23]} {[%emt 00:00:03]} Be4+
{[%clk 00:01:46]} {[%emt 00:00:02]} 55. Kb2 {[%clk 00:00:23]} {[%emt 00:00:02]}
Kd3 {[%clk 00:01:46]} {[%emt 00:00:07]} 56. b5 {[%clk 00:00:05]} {[%emt
00:00:28]} Kc4 {[%emt 00:00:10]} 57. b6 {[%clk 00:00:05]} {[%emt 00:00:02]} Kb5
{[%clk 00:01:46]} {[%emt 00:00:05]} 58. Kc3 {[%clk 00:00:05]} {[%emt 00:00:04]}
Kxb6 {[%clk 00:01:46]} {[%emt 00:00:04]} 59. Kb4 {[%clk 00:00:05]} {[%emt
00:00:01]} Bc6 {[%clk 00:01:45]} {[%emt 00:00:09]} 60. Kc4 {[%clk 00:00:05]}
{[%emt 00:00:03]} Bd7 {[%clk 00:01:45]} {[%emt 00:00:05]} 61. Kb4 {[%clk
00:00:05]} {[%emt 00:00:03]} Bb5 {[%clk 00:01:45]} 62. Kc3 {[%clk 00:00:05]}
{[%emt 00:00:03]} Kc5 {[%clk 00:01:45]} 63. Kd2 {[%clk 00:00:05]} {[%emt
00:00:06]} Kc4 {[%clk 00:01:32]} {[%emt 00:00:24]} 64. Kc2 {[%clk 00:00:05]}
{[%emt 00:00:01]} Kd4 {[%clk 00:01:32]} {[%emt 00:00:09]} 65. Kb2 {[%clk
00:00:05]} {[%emt 00:00:03]} Kd3 {[%clk 00:01:32]} {[%emt 00:00:02]} 66. Ka2
{[%clk 00:00:05]} {[%emt 00:00:04]} Kc2 {[%clk 00:01:32]} {[%emt 00:00:05]} 67.
Ka1 {[%clk 00:00:05]} Kb3 {[%clk 00:01:32]} {[%emt 00:00:06]} 68. Kb1 {[%clk
00:00:05]} {[%emt 00:00:01]} Bd3+ {[%clk 00:01:32]} {[%emt 00:00:05]} 69. Ka1
{[%clk 00:00:05]} {[%emt 00:00:03]} Bc4 {[%clk 00:01:32]} {[%emt 00:00:04]} 70.
Kb1 {[%clk 00:00:05]} {[%emt 00:00:02]} Kxa3 {[%clk 00:01:32]} {[%emt
00:00:02]} 71. Ka1 {[%clk 00:00:05]} Kb3 {[%clk 00:01:32]} {[%emt 00:00:06]} 72.
Kb1 {[%clk 00:00:05]} {[%emt 00:00:02]} a3 {[%clk 00:01:28]} {[%emt 00:00:14]}
73. Ka1 {[%clk 00:00:05]} {[%emt 00:00:05]} Kc3 {[%clk 00:01:28]} {[%emt
00:00:04]} 74. Kb1 {[%clk 00:00:05]} {[%emt 00:00:02]} Bb3 {[%clk 00:01:28]}
{[%emt 00:00:09]} 75. Ka1 {[%clk 00:00:05]} {[%emt 00:00:03]} 1/2-1/2

[Event "2024 National Elementary (K-6) Championship"]
[Site "Columbus, Ohio, United States"]
[Date "2024.04.26"]
[Round "2.8"]
[White "Khanbutaev, Artemii"]
[Black "Blagrove, Somario"]
[Result "1-0"]
[TimeControl "G/90; d10"]
[WhiteFideId "55747175"]
[BlackFideId "39942031"]
[WhiteElo "1984"]
[BlackElo "1715"]

1. d4 {[%clk 01:30:00]} {[%emt 00:00:06]} Nf6 {[%clk 01:27:32]} {[%emt
00:02:40]} 2. c4 {[%clk 01:30:00]} {[%emt 00:00:11]} g6 {[%clk 01:27:32]}
{[%emt 00:00:04]} 3. Nc3 {[%clk 01:30:00]} {[%emt 00:00:07]} Bg7 {[%clk
01:27:32]} {[%emt 00:00:04]} 4. e4 {[%clk 01:30:00]} {[%emt 00:00:08]} d6
{[%clk 01:27:32]} {[%emt 00:00:04]} 5. Be2 {[%clk 01:30:00]} {[%emt 00:00:04]}
O-O {[%clk 01:27:32]} {[%emt 00:00:07]} 6. Be3 {[%clk 01:30:00]} {[%emt
00:00:04]} e5 {[%clk 01:27:32]} {[%emt 00:00:09]} 7. d5 {[%clk 01:30:00]}
{[%emt 00:00:05]} Nbd7 {[%clk 01:27:10]} {[%emt 00:00:31]} 8. g4 {[%clk
01:30:00]} {[%emt 00:00:08]} h6 {[%clk 01:19:47]} {[%emt 00:07:33]} 9. h4
{[%clk 01:29:39]} {[%emt 00:00:31]} Ne8 {[%clk 01:09:17]} {[%emt 00:10:40]} 10.
Qd2 {[%clk 01:26:41]} {[%emt 00:03:09]} Kh7 {[%clk 01:09:17]} {[%emt 00:00:06]}
11. h5 {[%clk 01:26:21]} {[%emt 00:00:29]} g5 {[%clk 01:09:17]} {[%emt
00:00:06]} 12. Nh3 {[%clk 01:20:00]} {[%emt 00:06:31]} f6 {[%clk 01:05:14]}
{[%emt 00:04:13]} 13. O-O {[%clk 01:18:06]} {[%emt 00:02:04]} Qe7 {[%clk
00:47:07]} {[%emt 00:18:17]} 14. f3 {[%clk 01:13:56]} {[%emt 00:04:19]} Rg8
{[%clk 00:33:12]} {[%emt 00:14:05]} 15. Nf2 {[%clk 01:11:26]} {[%emt 00:02:40]}
Bf8 {[%clk 00:32:57]} {[%emt 00:00:25]} 16. b4 {[%clk 01:09:14]} {[%emt
00:02:22]} b6 {[%clk 00:27:48]} {[%emt 00:05:19]} 17. Rfc1 {[%clk 01:07:08]}
{[%emt 00:02:16]} Bb7 {[%clk 00:25:23]} {[%emt 00:02:36]} 18. Rab1 {[%clk
01:02:06]} {[%emt 00:05:12]} Qd8 {[%clk 00:19:20]} {[%emt 00:06:12]} 19. Nd3
{[%clk 00:54:29]} {[%emt 00:07:47]} Qc8 {[%clk 00:19:20]} {[%emt 00:00:07]} 20.
Qb2 {[%clk 00:53:47]} {[%emt 00:00:52]} c5 {[%clk 00:04:58]} {[%emt 00:14:32]}
21. dxc6 {[%clk 00:51:01]} {[%emt 00:02:56]} Bxc6 {[%clk 00:04:58]} {[%emt
00:00:06]} 22. Nd5 {[%clk 00:49:39]} {[%emt 00:01:32]} Nc7 {[%clk 00:02:53]}
{[%emt 00:02:16]} 23. Qc2 {[%clk 00:47:04]} {[%emt 00:02:45]} Bb7 {[%clk
00:02:37]} {[%emt 00:00:25]} 24. c5 {[%clk 00:44:53]} {[%emt 00:02:22]} Nxd5
{[%clk 00:02:23]} {[%emt 00:00:24]} 25. exd5 {[%clk 00:44:49]} {[%emt
00:00:13]} dxc5 {[%clk 00:00:37]} {[%emt 00:01:56]} 26. Nxe5+ {[%clk 00:44:32]}
{[%emt 00:00:27]} Kg7 {[%clk 00:00:09]} {[%emt 00:00:39]} 27. Qg6+ {[%clk
00:44:32]} {[%emt 00:00:10]} Kh8 {[%clk 00:00:09]} {[%emt 00:00:01]} 28. Nf7#
{[%clk 00:44:26]} {[%emt 00:00:16]} 1-0

[Event "2024 National Elementary (K-6) Championship"]
[Site "Columbus, Ohio, United States"]
[Date "2024.04.26"]
[Round "2.9"]
[White "Karthikeyan, Adhinanth Krishna"]
[Black "Huang, David"]
[Result "1/2-1/2"]
[TimeControl "G/90; d10"]
[WhiteElo "1186"]
[BlackElo "1369"]

1. e4 {[%clk 01:30:00]} {[%emt 00:00:02]} Nc6 {[%clk 01:29:54]} {[%emt
00:00:16]} 2. d4 {[%clk 01:29:05]} {[%emt 00:01:04]} e5 {[%clk 01:29:54]}
{[%emt 00:00:07]} 3. dxe5 {[%clk 01:28:42]} {[%emt 00:00:33]} Nxe5 {[%clk
01:29:54]} {[%emt 00:00:11]} 4. Bf4 {[%clk 01:28:23]} {[%emt 00:00:27]} Ng6
{[%clk 01:29:51]} {[%emt 00:00:14]} 5. Bg3 {[%clk 01:27:55]} {[%emt 00:00:36]}
Bc5 {[%clk 01:29:33]} {[%emt 00:00:30]} 6. Nf3 {[%clk 01:27:22]} {[%emt
00:00:42]} N8e7 {[%clk 01:28:59]} {[%emt 00:00:44]} 7. Bc4 {[%clk 01:25:48]}
{[%emt 00:01:44]} d6 {[%clk 01:28:11]} {[%emt 00:00:59]} 8. h3 {[%clk
01:24:05]} {[%emt 00:01:51]} O-O {[%clk 01:27:19]} {[%emt 00:01:05]} 9. O-O
{[%clk 01:23:39]} {[%emt 00:00:35]} h6 {[%clk 01:26:48]} {[%emt 00:00:41]} 10.
Nc3 {[%clk 01:22:42]} {[%emt 00:01:05]} c6 {[%clk 01:25:12]} {[%emt 00:01:48]}
11. a4 {[%clk 01:17:02]} {[%emt 00:05:49]} Kh8 {[%clk 01:23:29]} {[%emt
00:01:51]} 12. e5 {[%clk 01:11:59]} {[%emt 00:05:12]} d5 {[%clk 01:23:12]}
{[%emt 00:00:31]} 13. Bd3 {[%clk 01:10:50]} {[%emt 00:01:09]} Be6 {[%clk
01:21:06]} {[%emt 00:02:25]} 14. Kh1 {[%clk 01:08:23]} {[%emt 00:02:33]} Qd7
{[%clk 01:18:42]} {[%emt 00:02:35]} 15. Nh2 {[%clk 01:04:21]} {[%emt 00:04:09]}
f5 {[%clk 01:16:01]} {[%emt 00:02:58]} 16. f4 {[%clk 01:02:19]} {[%emt
00:02:06]} d4 {[%clk 01:14:47]} {[%emt 00:01:31]} 17. Ne2 {[%clk 01:01:29]}
{[%emt 00:00:50]} Nd5 {[%clk 01:14:32]} {[%emt 00:00:33]} 18. Bf2 {[%clk
00:53:55]} {[%emt 00:07:37]} Ndxf4 {[%clk 01:12:18]} {[%emt 00:02:33]} 19. c3
{[%clk 00:48:01]} {[%emt 00:06:03]} Nxd3 {[%clk 01:08:10]} {[%emt 00:04:18]} 20.
Qxd3 {[%clk 00:47:43]} {[%emt 00:00:28]} Nxe5 {[%clk 01:07:38]} {[%emt
00:00:41]} 21. Qg3 {[%emt 00:00:51]} Bd6 {[%emt 00:01:32]} 22. Bxd4 {[%clk
00:44:26]} {[%emt 00:01:02]} Ng4 {[%clk 01:00:19]} {[%emt 00:07:23]} 23. Nf4
{[%clk 00:43:09]} {[%emt 00:01:27]} Bxf4 {[%clk 00:42:55]} {[%emt 00:17:44]} 24.
Qxf4 {[%clk 00:39:26]} {[%emt 00:03:45]} Nf6 {[%clk 00:42:04]} {[%emt
00:01:07]} 25. Rad1 {[%clk 00:36:25]} {[%emt 00:02:57]} Qf7 {[%clk 00:39:09]}
{[%emt 00:03:09]} 26. Nf3 {[%clk 00:34:46]} {[%emt 00:01:38]} g5 {[%clk
00:34:44]} {[%emt 00:04:58]} 27. Bxf6+ {[%clk 00:31:01]} {[%emt 00:03:54]} Qxf6
{[%clk 00:34:33]} {[%emt 00:00:22]} 28. Qd4 {[%clk 00:30:15]} {[%emt 00:00:54]}
Qxd4 {[%clk 00:34:31]} {[%emt 00:00:14]} 29. Nxd4 {[%clk 00:30:15]} {[%emt
00:00:07]} Bd7 {[%clk 00:33:40]} {[%emt 00:00:58]} 30. Nf3 {[%clk 00:29:17]}
{[%emt 00:00:59]} Be6 {[%clk 00:33:11]} {[%emt 00:00:49]} 31. Nd4 {[%clk
00:28:30]} {[%emt 00:00:56]} Bd7 {[%clk 00:32:59]} {[%emt 00:00:23]} 32. Nf3
{[%clk 00:27:39]} {[%emt 00:01:02]} Rfd8 {[%clk 00:29:40]} {[%emt 00:03:25]} 33.
Ne5 {[%clk 00:25:45]} {[%emt 00:02:02]} Be6 {[%clk 00:29:23]} {[%emt 00:00:28]}
34. Rde1 {[%clk 00:23:50]} {[%emt 00:02:05]} Re8 {[%clk 00:27:04]} {[%emt
00:02:30]} 35. b4 {[%clk 00:19:07]} {[%emt 00:04:56]} Kg7 {[%clk 00:26:03]}
{[%emt 00:01:09]} 36. a5 {[%clk 00:18:32]} {[%emt 00:00:49]} Rad8 {[%clk
00:24:07]} {[%emt 00:02:02]} 37. Kh2 {[%clk 00:16:25]} {[%emt 00:02:20]} Rd2
{[%clk 00:22:12]} {[%emt 00:02:02]} 38. Nf3 {[%clk 00:15:49]} {[%emt 00:00:49]}
Rd3 {[%clk 00:21:15]} {[%emt 00:01:03]} 39. Nd4 {[%clk 00:15:10]} {[%emt
00:00:52]} Kf6 {[%clk 00:20:36]} {[%emt 00:00:47]} 40. Rxf5+ {[%clk 00:13:54]}
{[%emt 00:01:29]} Bxf5 {[%clk 00:19:44]} {[%emt 00:01:03]} 41. Rxe8 {[%clk
00:13:54]} {[%emt 00:00:07]} Bg6 {[%clk 00:17:59]} {[%emt 00:01:51]} 42. Rb8
{[%clk 00:12:34]} {[%emt 00:01:30]} Rxc3 {[%clk 00:17:20]} {[%emt 00:00:53]} 43.
Rxb7 {[%clk 00:12:23]} {[%emt 00:00:21]} Rc4 {[%clk 00:16:39]} {[%emt
00:00:48]} 1/2-1/2

[Event "2024 National Elementary (K-6) Championship"]
[Site "Columbus, Ohio, United States"]
[Date "2024.04.26"]
[Round "2.10"]
[White "Wu, Lucas"]
[Black "Cappolla, Spencer"]
[Result "1-0"]
[TimeControl "G/90; d10"]
[WhiteElo "1365"]
[BlackElo "1184"]

1. e4 {[%clk 01:30:00]} {[%emt 00:00:09]} e5 {[%clk 01:30:00]} {[%emt
00:00:07]} 2. Nf3 {[%clk 01:30:00]} {[%emt 00:00:10]} Nc6 {[%clk 01:30:00]}
{[%emt 00:00:05]} 3. Bc4 {[%clk 01:29:42]} {[%emt 00:00:28]} Bc5 {[%clk
01:29:54]} {[%emt 00:00:17]} 4. d3 {[%clk 01:29:20]} {[%emt 00:00:32]} Nf6
{[%clk 01:29:48]} {[%emt 00:00:16]} 5. Bg5 {[%clk 01:28:28]} {[%emt 00:01:00]}
h6 {[%clk 01:29:41]} {[%emt 00:00:18]} 6. Bh4 {[%clk 01:28:19]} {[%emt
00:00:18]} d6 {[%clk 01:29:26]} {[%emt 00:00:27]} 7. Nc3 {[%clk 01:27:59]}
{[%emt 00:00:29]} g5 {[%clk 01:28:56]} {[%emt 00:00:41]} 8. Nxg5 {[%clk
01:15:24]} {[%emt 00:12:45]} hxg5 {[%clk 01:28:45]} {[%emt 00:00:21]} 9. Bxg5
{[%clk 01:15:24]} {[%emt 00:00:09]} Rg8 {[%clk 01:21:15]} {[%emt 00:07:41]} 10.
h4 {[%clk 01:14:53]} {[%emt 00:00:40]} Rg6 {[%clk 01:20:26]} {[%emt 00:00:59]}
11. Nd5 {[%clk 01:14:05]} {[%emt 00:00:58]} Nb4 {[%clk 01:12:17]} {[%emt
00:08:19]} 12. Nxf6+ {[%clk 01:13:20]} {[%emt 00:00:54]} Rxf6 {[%clk 01:12:10]}
{[%emt 00:00:19]} 13. Bxf6 {[%clk 01:13:18]} {[%emt 00:00:11]} Qxf6 {[%clk
01:12:10]} {[%emt 00:00:04]} 14. Qd2 {[%clk 01:11:23]} {[%emt 00:02:04]} Bd7
{[%clk 01:09:15]} {[%emt 00:03:06]} 15. a3 {[%clk 01:10:35]} {[%emt 00:00:58]}
Nc6 {[%clk 01:08:07]} {[%emt 00:01:18]} 16. O-O-O {[%clk 01:10:06]} {[%emt
00:00:37]} a6 {[%clk 01:07:11]} {[%emt 00:01:08]} 17. Rdg1 {[%clk 01:07:56]}
{[%emt 00:02:16]} b5 {[%clk 01:06:55]} {[%emt 00:00:30]} 18. Bd5 {[%clk
01:07:26]} {[%emt 00:00:40]} a5 {[%clk 01:05:48]} {[%emt 00:01:17]} 19. g4
{[%clk 01:05:39]} {[%emt 00:01:57]} Rb8 {[%clk 01:02:15]} {[%emt 00:03:43]} 20.
Bxc6 {[%clk 00:56:48]} {[%emt 00:09:00]} Bxc6 {[%clk 01:02:14]} {[%emt
00:00:12]} 21. h5 {[%clk 00:55:28]} {[%emt 00:01:30]} a4 {[%clk 00:59:30]}
{[%emt 00:02:55]} 22. g5 {[%clk 00:53:50]} {[%emt 00:01:47]} Qe6 {[%clk
00:55:34]} {[%emt 00:04:06]} 23. g6 {[%clk 00:51:24]} {[%emt 00:02:36]} fxg6
{[%clk 00:54:59]} {[%emt 00:00:45]} 24. hxg6 {[%clk 00:51:18]} {[%emt
00:00:15]} Qa2 {[%clk 00:53:41]} {[%emt 00:01:29]} 25. Kd1 {[%clk 00:51:13]}
{[%emt 00:00:15]} b4 {[%emt 00:01:39]} 26. Rh8+ {[%clk 00:50:18]} {[%emt
00:01:03]} Kd7 {[%clk 00:52:13]} {[%emt 00:00:11]} 27. Rxb8 {[%clk 00:49:10]}
{[%emt 00:01:18]} bxa3 {[%clk 00:51:09]} {[%emt 00:01:14]} 28. Ke2 {[%clk
00:44:48]} {[%emt 00:04:31]} axb2 {[%clk 00:50:47]} {[%emt 00:00:33]} 29. Qg5
{[%clk 00:44:28]} {[%emt 00:00:28]} 1-0